Environmental microbiology

Saved in:
Bibliographic Details
Main Author: Mailer, Raina M.
Other Authors: Pepper, Ian L., Gerba, Charles P. 1945-
Format: Book
Language:English
Published: Amsterdam : Elsevier Academic Press, 2009
Edition:2nd ed.
Subjects:
Tags: Add Tag
No Tags, Be the first to tag this record!

MARC

LEADER 00000nam a2200000 i 4500
001 1/103333
008 090326s2009 eng d
020 |a 978-0-12-37-519-8 
035 |l 10104004 
040 |a GR-MY-UA  |b gre  |e aacr 
041 0 |a eng 
082 0 |a 579.17  |2 (22) 
100 1 |a Mailer, Raina M. 
245 1 0 |a Environmental microbiology /  |c Raina M. Maier, Ian L. Pepper, Charles P. Gerba 
250 |a 2nd ed. 
260 |a Amsterdam :   |b Elsevier Academic Press,   |c 2009 
300 |a xxii, 598 σ.;  |b έγχρ. εικ.;  |c 29 εκ. 
504 |a Περιέχει βιβλιογραφικές παραπομπές και ευρετήριο 
650 0 0 |a Microbial ecology. 
700 1 |a Pepper, Ian L. 
700 1 |a Gerba, Charles P.  |d 1945- 
852 |a INST  |b LESVOS  |e 20090326  |h 579.17 MAI  |p 005100044651  |q 005100044651  |t BK  |y 0 
901 |a BIBL1-2009-1 
909 |a Λ  |b 156338 
922 |a 1ΕΛΗ  |b 200810  |c ΕΠΕΑΕΚ2/ΤΠ  |d ΜΙΧΑΛΟΠΟΥΛΟΣ 
970 |a ΚΑΡΑ  |b ΓΙΑΣΕΜΗ  |z 2009/03/26